1567 1184 1275 1803 1653 1807 1703 1063 1670 1036 1303 1149 1277 1758 1810 1794 1573 1104 1441 1644 1877 1807 1116 1961 1725 1035 1360 1173 1600 1226 1855 1787 2000 1275 1799 1533 1368 1254 1211 1270 1213 1964 1492 1210 1069 1501 1458 1350 1179 1897 1543 1653 1771 1396 1122 1917 1973 1909 1018 1556 1556 1011 1345 1470 1987 1502 1798 1441 1062 1549 1503 1521 1347 1940 1548 1454 1553 1117 1828 1422 1956 1344 1079 1320 1622 1327 1335 1601 1277 1048 1037 1929 1968 1488 1634 1609 1835 1342 1739 BCNSPRNW ULIB Ver.6.0+V

เปลี่ยนเป็นภาษาไทย

Change to English
 แสดงรายละเอียดบรรณานุกรม
  กลับหน้าหลัก

Brief Record : Get Marc (ISO 2709) : E-mail record : QR code < ปิดหน้าต่าง
LEADER : 00000nam 2200000uu 4500
001    13399112159
003     ULIB
008    110627s2553||||th 000 0 tha d
020    9789746907545
090    นว.^bฟ731จ 2553
100 0  เฟื่องนคร
245 00 เจ้าสาวไร่ส้ม/^cเฟื่องนคร
250    พิมพ์ครั้งที่ 1
260    กรุงเทพฯ :^bดอกหญ้า,^c2553
300    464 หน้า
710 1  ดอกหญ้า
945    ^p0^l0^i028020
995    ทศพร
999 ^a ใช้งานได้ทุกระบบ
รายการนี้ยังไม่มีแท็ก
คุณยังไม่ได้ล็อกอิน คุณสามารถมีกิจกรรมร่วมกับเว็บไซต์ได้ แต่ต้องล็อกอินก่อน ::
  ล็อกอิน

รายการสื่อสารสนเทศ

ลำดับที่ ประเภท เลขเรียก/บาร์โค้ด สถานที่ สถานะ
- ไม่พบข้อมูล -

BibComment


ยังไม่เคยถูกคอมเมนท์

คอมเมนท์ทรัพยากรรายการนี้
  คอมเมนท์: เจ้าสาวไร่ส้ม เฟื..


 Copyright 2026. Bcnsprnw @Library